| 000 | 00499nam a2200193Ia 4500 | ||
|---|---|---|---|
| 008 | 180523s9999 xx 000 0 und d | ||
| 020 | _a81-7879-133-1 | ||
| 050 | _aMAIN GV 838.5 | ||
| 050 | _b.S95 2004 | ||
| 245 | 0 | _aSwimming rule book 2004 / | |
| 245 | 0 | _cedited and compiled by P. Narang. | |
| 260 | _aNew Delhi : | ||
| 260 | _bSports Publications, | ||
| 260 | _c2004 | ||
| 300 | _a88 pages : | ||
| 300 | _c22 cm. | ||
| 650 | _aSwimming. | ||
| 650 | _xSwimming -- Rules, records, etc. | ||
| 999 |
_c356733 _d356733 |
||